000992085 001__ 992085 000992085 005__ 20251010093717.0 000992085 0247_ $$2arXiv$$aarXiv:2308.04313 000992085 0247_ $$2doi$$a10.48550/arXiv.2308.04313 000992085 0247_ $$2datacite_doi$$a10.18154/RWTH-2024-07997 000992085 037__ $$aRWTH-2024-07997 000992085 041__ $$aEnglish 000992085 082__ $$a004 000992085 1001_ $$aEgger, Jan$$b0$$eCorresponding author 000992085 245__ $$aApple Vision Pro for Healthcare: 'The Ultimate Display'? -- Entering the Wonderland of Precision Medicine$$honline 000992085 260__ $$c2023 000992085 300__ $$a13 Seiten 000992085 3367_ $$028$$2EndNote$$aElectronic Article 000992085 3367_ $$0PUB:(DE-HGF)25$$2PUB:(DE-HGF)$$aPreprint$$bpreprint$$mpreprint 000992085 3367_ $$2BibTeX$$aARTICLE 000992085 3367_ $$2DRIVER$$apreprint 000992085 3367_ $$2DataCite$$aOutput Types/Working Paper 000992085 3367_ $$2ORCID$$aWORKING_PAPER 000992085 588__ $$aDataset connected to DataCite 000992085 591__ $$aAustria 000992085 591__ $$aGermany 000992085 591__ $$aPeoples R China 000992085 591__ $$aUSA 000992085 650_7 $$2Other$$aArtificial Intelligence (cs.AI) 000992085 650_7 $$2Other$$aFOS: Computer and information sciences 000992085 650_7 $$2Other$$aGraphics (cs.GR) 000992085 650_7 $$2Other$$aHuman-Computer Interaction (cs.HC) 000992085 7001_ $$0P:(DE-82)998585$$aGsaxner, Christina$$b1$$urwth 000992085 7001_ $$aChen, Xiaojun$$b2 000992085 7001_ $$aBian, Jiang$$b3 000992085 7001_ $$aKleesiek, Jens$$b4 000992085 7001_ $$0P:(DE-82)IDM05857$$aPuladi, Behrus$$b5$$eCorresponding author$$urwth 000992085 8564_ $$uhttps://publications.rwth-aachen.de/record/992085/files/992085.pdf$$yOpenAccess 000992085 909CO $$ooai:publications.rwth-aachen.de:992085$$pdnbdelivery$$pdriver$$pVDB$$popen_access$$popenaire 000992085 9101_ $$0I:(DE-588b)36225-6$$6P:(DE-82)998585$$aRWTH Aachen$$b1$$kRWTH 000992085 9101_ $$0I:(DE-588b)36225-6$$6P:(DE-82)IDM05857$$aRWTH Aachen$$b5$$kRWTH 000992085 9141_ $$y2023 000992085 915__ $$0StatID:(DE-HGF)0510$$2StatID$$aOpenAccess 000992085 915__ $$0LIC:(DE-HGF)CCBY4$$2HGFVOC$$aCreative Commons Attribution CC BY 4.0 000992085 9201_ $$0I:(DE-82)545000-2_20140620$$k938010$$lKlinik und Lehrstuhl für Mund-, Kiefer- und Gesichtschirurgie$$x0 000992085 9201_ $$0I:(DE-82)526500-2_20140620$$k526500-2 ; 922710$$lInstitut und Lehrstuhl für Medizinische Informatik$$x1 000992085 961__ $$c2024-08-27T12:39:20.791935$$x2024-08-27T12:36:05.581514$$z2024-08-27T12:39:20.791935 000992085 9801_ $$aFullTexts 000992085 980__ $$aI:(DE-82)526500-2_20140620 000992085 980__ $$aI:(DE-82)545000-2_20140620 000992085 980__ $$aUNRESTRICTED 000992085 980__ $$aVDB 000992085 980__ $$apreprint